Communications (Record no. 2559)

MARC details
000 -LEADER
fixed length control field 00366nam a22001577a 4500
005 - DATE AND TIME OF LATEST TRANSACTION
control field 20160613164742.0
008 - FIXED-LENGTH DATA ELEMENTS--GENERAL INFORMATION
fixed length control field 160613b xxu||||| |||| 00| 0 eng d
041 ## - LANGUAGE CODE
Language code of text/sound track or separate title eng
082 ## - DEWEY DECIMAL CLASSIFICATION NUMBER
Item number 7297
100 ## - MAIN ENTRY--AUTHOR NAME
Personal name Ahuja, B.N. & Chalabra, S.S.
245 ## - TITLE STATEMENT
Title Communications
260 ## - PUBLICATION, DISTRIBUTION, ETC. (IMPRINT)
Name of publisher Surjeet Publications
300 ## - PHYSICAL DESCRIPTION
Number of Pages 199
650 ## - SUBJECT ADDED ENTRY--TOPICAL TERM
Topical Term Management
942 ## - ADDED ENTRY ELEMENTS (KOHA)
Koha item type Books
Holdings
Lost status Damaged status Home library Current library Date acquired Cost, normal purchase price Full call number Accession Number Koha item type Collection code Shelving location
Lost   JRU Library JRU Library 13/06/2016 150.00 7297 7297 Books    
    JRU Library JRU Library 13/06/2016 150.00 302.02 7298 Books LIFE SKILL SHELF-102-G